Taylor Swift - most streamed songs - Statistics

General Stats
  • This quiz has been taken 3,012 times
    2,893 since last reset
  • The average score is 34 of 60
Answer Stats
# Answer % Correct
1 Shake it Off
94%
2 Blank Space
90%
10 Love Story
90%
17 Lover
89%
6 You Belong With Me
85%
3 Look What you made me do
83%
11 Me!
83%
35 Cruel Summer
80%
12 Style
80%
5 bad blood
79%
55 All Too Well
78%
14 22
77%
8 We Are Never Ever Getting Back Together
77%
33 Cardigan
75%
44 Fearless
75%
7 Wildest dreams
75%
13 I knew you were trouble
74%
40 ours
74%
26 our song
72%
16 Ready for it
70%
15 You Need to Calm Down
70%
9 Delicate
67%
20 Mine
66%
48 Don't Blame me
63%
24 Mean
62%
45 Getaway Car
61%
27 out of the woods
61%
25 The Man
61%
53 Tim mcgraw
61%
36 Picture to Burn
59%
21 Back to December
58%
18 End Game
58%
54 Welcome to new York
58%
28 Teardrops on my guitar
54%
30 Fifteen
53%
47 Paper Rings
52%
23 Gorgeous
51%
42 sparks fly
51%
37 The Archer
48%
49 The 1
47%
41 I did something bad
46%
38 New Romantics
46%
31 White Horse
45%
46 Cornelia Street
43%
43 Exile
43%
52 London Boy
40%
58 Afterglow
37%
4 I don't wanna live forever
37%
32 Call It what you want
35%
60 King of my heart
35%
50 Miss americana & the heartbreak prince
35%
19 Everything has changed
34%
39 The Story of us
34%
59 Death by a Thousand cuts
33%
34 I Forgot That you Existed
29%
51 I think he knows
29%
29 Begin Again
28%
56 Dancing with our hands tied
23%
57 The last Time
16%
22 Safe & Sound
13%
No matching quizzes found
Score Distribution
Percent of People with Each Score
Percentile by Number Answered
Your Score History
You have not taken this quiz since the last reset